| 000 | 00666nam a2200217 i 4500 | ||
|---|---|---|---|
| 001 | 77817 | ||
| 003 | ES-MaACL | ||
| 005 | 20250718094825.0 | ||
| 007 | t| | ||
| 008 | 041110s2001 it ||||1| fre d | ||
| 020 | _a88-8491-150-8 | ||
| 080 | _a75 Rafaello (083.824) | ||
| 245 | 0 | 0 |
_aRaphaël _b: grâce et beauté : [10 octobre 2001-27 janvier 2002] Musée du Luxembourg. |
| 260 |
_a[Milano] : _bSkira, _c[2001] |
||
| 300 |
_a190 p. : _bil. ; _c28 cm. |
||
| 600 | 0 | 4 |
_aRaffaello, _d1483-1520- _vExposiciones _994964 |
| 655 | 7 |
_2tgfbne _9193628 _aCatálogos de exposiciones |
|
| 852 |
_aES-MaACL _jL-28404 _bR.134526 |
||
| 942 | _2udc | ||
| 999 |
_c77817 _d77817 |
||